Sexual Behaviors and Desires of Inmates in a Finnish Prison: A Survey Study With Population-Based Comparisons
Using paper surveys, we investigated sexual behaviors and desires of 181 inmates in a Finnish prison. Conjugal visits, sexual desire, and gender were the strongest predictors of sexual activity. Reports of coercive experiences were somewhat less prevalent than reported in international studies. Comp...
| Authors: | ; ; ; ; |
|---|---|
| Format: | Electronic Article |
| Language: | English |
| Published: |
2023
|
| In: |
The prison journal
Year: 2023, Volume: 103, Issue: 1, Pages: 91-121 |
| Online Access: |
Presumably Free Access Volltext (lizenzpflichtig) |
| Check availability: | HBZ Gateway |
| Keywords: |
MARC
| LEADER | 00000naa a22000002c 4500 | ||
|---|---|---|---|
| 001 | 182697055X | ||
| 003 | DE-627 | ||
| 005 | 20221214235540.0 | ||
| 007 | cr uuu---uuuuu | ||
| 008 | 221214s2023 xx |||||o 00| ||eng c | ||
| 024 | 7 | |a 10.1177/00328855221139867 |2 doi | |
| 035 | |a (DE-627)182697055X | ||
| 035 | |a (DE-599)KXP182697055X | ||
| 040 | |a DE-627 |b ger |c DE-627 |e rda | ||
| 041 | |a eng | ||
| 084 | |a 2,1 |2 ssgn | ||
| 100 | 1 | |a Gunst, Annika |e VerfasserIn |4 aut | |
| 245 | 1 | 0 | |a Sexual Behaviors and Desires of Inmates in a Finnish Prison: A Survey Study With Population-Based Comparisons |
| 264 | 1 | |c 2023 | |
| 336 | |a Text |b txt |2 rdacontent | ||
| 337 | |a Computermedien |b c |2 rdamedia | ||
| 338 | |a Online-Ressource |b cr |2 rdacarrier | ||
| 520 | |a Using paper surveys, we investigated sexual behaviors and desires of 181 inmates in a Finnish prison. Conjugal visits, sexual desire, and gender were the strongest predictors of sexual activity. Reports of coercive experiences were somewhat less prevalent than reported in international studies. Compared with population-based data, inmates reported fewer partnered behaviors, although their desires for these activities were similar. The masturbation frequency did not differ between the two populations; men generally masturbated more than they desired. Male prisoners who reported more masturbation also reported lower well-being. These results can be used to guide prisoners and staff on topics relevant to prisoner sexuality. | ||
| 650 | 4 | |a Sexual health | |
| 650 | 4 | |a Sexual Desire | |
| 650 | 4 | |a Sexual behaviors | |
| 650 | 4 | |a Inmate | |
| 650 | 4 | |a Prison | |
| 700 | 1 | |a Ryömä, Irmeli |e VerfasserIn |4 aut | |
| 700 | 1 | |a Andersson, Madeleine |e VerfasserIn |4 aut | |
| 700 | 1 | |a Laine, Mari |e VerfasserIn |4 aut | |
| 700 | 1 | |a Jern, Patrick |e VerfasserIn |0 (DE-588)1160559147 |0 (DE-627)102382938X |0 (DE-576)506016560 |4 aut | |
| 773 | 0 | 8 | |i Enthalten in |t The prison journal |d London : Sage, 1921 |g 103(2023), 1, Seite 91-121 |h Online-Ressource |w (DE-627)324534272 |w (DE-600)2028491-3 |w (DE-576)096930292 |x 1552-7522 |7 nnas |
| 773 | 1 | 8 | |g volume:103 |g year:2023 |g number:1 |g pages:91-121 |
| 856 | |u https://research.abo.fi/ws/files/53422396/prison_manuscript_accepted.pdf |x unpaywall |z Vermutlich kostenfreier Zugang |h repository [deprecated] | ||
| 856 | 4 | 0 | |u https://doi.org/10.1177/00328855221139867 |x Resolving-System |z lizenzpflichtig |3 Volltext |7 1 |
| 935 | |a mkri | ||
| 951 | |a AR | ||
| ELC | |a 1 | ||
| LOK | |0 000 xxxxxcx a22 zn 4500 | ||
| LOK | |0 001 4230881428 | ||
| LOK | |0 003 DE-627 | ||
| LOK | |0 004 182697055X | ||
| LOK | |0 005 20260429112031 | ||
| LOK | |0 008 221214||||||||||||||||ger||||||| | ||
| LOK | |0 035 |a (DE-2619)KrimDok#2022-12-13#2BB6F0FA6CDF928F05B78950BC69CB6B23AC756F | ||
| LOK | |0 035 |a (DE-2619)KrimDok#2022-12-25#2BB6F0FA6CDF928F05B78950BC69CB6B23AC756F | ||
| LOK | |0 035 |a (DE-2619)KrimDok#2023-01-07#2BB6F0FA6CDF928F05B78950BC69CB6B23AC756F | ||
| LOK | |0 035 |a (DE-2619)KrimDok#2023-01-20#2BB6F0FA6CDF928F05B78950BC69CB6B23AC756F | ||
| LOK | |0 035 |a (DE-2619)KrimDok#2023-02-02#2BB6F0FA6CDF928F05B78950BC69CB6B23AC756F | ||
| LOK | |0 035 |a (DE-2619)KrimDok#2023-02-13#2BB6F0FA6CDF928F05B78950BC69CB6B23AC756F | ||
| LOK | |0 040 |a DE-2619 |c DE-627 |d DE-2619 | ||
| LOK | |0 092 |o n | ||
| LOK | |0 852 |a DE-2619 | ||
| LOK | |0 852 1 |9 00 | ||
| LOK | |0 935 |a zota | ||
| LOK | |0 939 |a 2022-12-14 |b l01 | ||
| OAS | |a 1 | ||
| ORI | |a WA-MARC-krimdoka001.raw | ||
